Statistics for Brooklyn Nets Leaders Per Year

Click here to take the quiz!

General Stats

  • This quiz has been taken 294 times
    (139 since last reset)
  • The average score is 23 of 91

Answer Stats

Player% Correct
Julius Erving
90%
Jason Kidd
83%
Brook Lopez
79%
Jarrett Allen
77%
Caris LeVert
76%
Vince Carter
72%
Spencer Dinwiddie
72%
George Carter
71%
Deron Williams
71%
Ray Williams
68%
Jayson Williams
68%
Buck Williams
68%
Sean Williams
68%
Joe Johnson
67%
DeAndre Jordan
67%
D'Angelo Russell
66%
George Johnson
65%
Ed Johnson
65%
Eddie Jordan
65%
Kevin Garnett
57%
Devin Harris
54%
Rondae Hollis-Jefferson
52%
Richard Jefferson
44%
Jarrett Jack
40%
Derrick Coleman
38%
Tony Jackson
33%
Kenyon Martin
33%
Drazen Petrovic
30%
Kerry Kittles
29%
Ed Davis
27%
Keith Van Horn
26%
Kenny Anderson
21%
Dan Anderson
21%
Stephon Marbury
21%
Jeremy Lin
18%
P.J. Brown
18%
Micheal Ray Richardson
17%
Gerald Wallace
16%
Kendall Gill
16%
Kris Humphries
16%
Bernard King
15%
Thaddeus Young
13%
Rick Barry
12%
Mason Plumlee
11%
Chris Dudley
11%
Jason Collins
10%
Kevin Porter
10%
Courtney Lee
9%
Trevor Booker
9%
Shawn Bradley
7%
Dudley Bradley
7%
Reggie Evans
7%
Chris Morris
7%
Sam Cassell
6%
Bill Melchionni
5%
Armen Gilliam
5%
Sam Bowie
5%
Otis Birdsong
5%
Bubbles Hawkins
4%
Maurice Lucas
4%
Mikki Moore
4%
Nenad Krstic
4%
Reggie Theus
4%
Billy Paultz
4%
Mike Gminski
4%
Dennis Hopson
2%
Darryl Dawkins
2%
Josh Boone
2%
Mike Newlin
2%
Darwin Cook
2%
Chris Childs
2%
Len Elmore
1%
Jim McIlvaine
1%
Walter Simon
1%
Mookie Blaylock
1%
Levern Tart
1%
Jamie Feick
1%
Jordan Farmar
1%
Lester Conner
1%
Larry Kenon
1%
Brian Taylor
1%
Roy Hinson
1%
Kim Hughes
1%
Al Skinner
1%
Tim Bassett
1%
Leon Wood
1%
John Bagley
1%
Orlando Woolridge
1%
Pearl Washington
1%
Kelvin Ransey
1%

Score Distribution

Percentile by Number Answered

Percent of People with Each Score

Your Score History

You have not taken this quiz since the last reset